00573cam a22002174a 45000010009000000050017000090080041000260100017000670200023000840200023001070350021001300400018001510410008001690420008001770800019001850820023002041000007002271010008002342450049002425040064002911177028320180214082508.0990812s1999 dcu b 001 0 eng  a 99045358  a0870031686 (cloth) a0870031694 (paper) a(DLC) 99045358 aDLCcDLCdDLC aeng apcc a321.8071 THO00a321.8071 THO2211 a23 aPOL10aAiding democracy abroad :cThomas Carothers. aIncludes bibliographical references (p. 383-400) and index.